Sly and the Family Stone - Statistics

General Stats
  • This quiz has been taken 9 times
  • The average score is 7 of 11
Answer Stats
Hint Answer % Correct
Different strokes for different folks Everyday People
100%
I'm gonna add some bottom so the dancers just won't hide Dance to the Music
83%
One child grows up to be somebody who just loves to learn Family Affair
83%
That's when I had most of my fun Hot Fun in the Summertime
83%
Everybody wants to shine Everybody is a Star
67%
Baby, baby, baby light my fire I Want to Take You Higher
67%
In the end, you'll still be you Stand
67%
Like a clown, you don't have to come down Life
50%
Try a little do-re-mi Sing a Simple Song
50%
When I party, I party hearty Fun
33%
I'll be around today to be available for you to see If You Want Me To Stay
33%
No matching quizzes found
Score Distribution
Percent of People with Each Score
Percentile by Number Answered
Your Score History
You have not taken this quiz